Rural energy and the third world: a review of social science research and technology policy problems. / (Record no. 1747)

MARC details
000 -LEADER
fixed length control field 00835nam a22001937a 4500
008 - FIXED-LENGTH DATA ELEMENTS--GENERAL INFORMATION
fixed length control field 120719t xxu||||| |||| 00| 0 eng d
020 ## - INTERNATIONAL STANDARD BOOK NUMBER
International Standard Book Number 0072472464
050 ## - LIBRARY OF CONGRESS CALL NUMBER
Classification number Z5074.E54.B37
100 ## - MAIN ENTRY--PERSONAL NAME
Personal name Barnett, Andrew.
245 ## - TITLE STATEMENT
Title Rural energy and the third world: a review of social science research and technology policy problems. /
Statement of responsibility, etc. Andrew Barnett
260 ## - PUBLICATION, DISTRIBUTION, ETC.
Place of publication, distribution, etc. Toronto:
Name of publisher, distributor, etc. Pergamon Press,
Date of publication, distribution, etc. 1982.
300 ## - PHYSICAL DESCRIPTION
Extent x, 214 p.:
Dimensions 20cm.
500 ## - GENERAL NOTE
General note Includes index.
505 ## - FORMATTED CONTENTS NOTE
Formatted contents note Contents: Rural energy needs and the assessment of technical solutions -- The Supply side of the technical change process -- Selected bibliography on social science research relating to rural energy technology.
650 ## - SUBJECT ADDED ENTRY--TOPICAL TERM
Topical term or geographic name entry element Presentation graphics software.
650 ## - SUBJECT ADDED ENTRY--TOPICAL TERM
Topical term or geographic name entry element Microsoft PowerPoint (Computer file)
700 ## - ADDED ENTRY--PERSONAL NAME
Personal name O'Leary, Linda I.
942 ## - ADDED ENTRY ELEMENTS (KOHA)
Source of classification or shelving scheme Library of Congress Classification
Koha item type Books
Holdings
Withdrawn status Lost status Source of classification or shelving scheme Damaged status Not for loan Home library Current library Shelving location Date acquired Total Checkouts Full call number Barcode Date last seen Copy number Price effective from Koha item type
    Library of Congress Classification     WISCONSIN INTERNATIONAL UNIVERSITY COLLEGE, GHANA - MAIN LIBRARY WISCONSIN INTERNATIONAL UNIVERSITY COLLEGE, GHANA - MAIN LIBRARY General Stacks 19/07/2012   Z5074.E54.B37 5738/12 19/07/2012 1 19/07/2012 Books

If you have any concerns or questions; kindly contact the library


© Powered by WIUC ICT DIRECTORATE